000 00728nam a2200241Ia 4500
003 OSt
005 20221002050501.0
006 a|||||r|||| 00| 0
007 ta
008 220930b |||||||| |||| 00| 0 urd d
024 _a4424
037 _bGift, 28/05/2013,
_cReference Collections
040 _aCRL
_cCRL
_burd
041 _2urd
_aurd
082 _aP111:4k, 28L1(RR)
100 _aKarmi Hasan S.
_9571330
245 0 _aAl - Manar
_b An english - arabic dictionary
260 _aBeirut
_bLongman Librairie du Liban
_c1970
300 _a903p.
_ccm.
650 _aLINGUISTICS
942 _hP111:4k, 28L1(RR)
_cref
_2CC
999 _c914684
_d914684